Patriarches de la Genèse - Statistiques

Statistiques générales
  • Ce quiz a été pris 126 fois
  • Le résultat moyen est 8 sur 12
Statistiques - réponses
Indice Réponse % Correct
1 A conclu une alliance avec Dieu Abraham
99%
2 Femme de 1 Sara
89%
7 Fils cadet de 4 et 5 Jacob / Israël
87%
4 Fils de 1 et 2 Isaac
86%
11 Fils de 7 et 9 qui a été vendu comme esclave en Égypte Joseph
78%
3 Fils de 1 et d'une servante Ismaël
68%
6 Fils aîné de 4 et 5 Esaü
59%
5 Femme de 4 Rebecca
57%
10 Citez l'un des enfants de 7 et 8 Ruben | Siméon | Lévi ...
57%
9 Deuxième épouse de 7 Rachel
54%
12 L'autre fils de 7 et 9 Benjamin
51%
8 Première épouse de 7 Léa
51%
Aucun quiz correspondant
Distribution des résultats
% des personnes avec chaque résultat
Percentile par nombre de réponses
Votre historique - résultats
Vous n’avez pas pris ce quiz